| Tag |
First Indicator |
Second Indicator |
Subfields |
| LEADER |
00000cam a2200000 i 4500 |
| 001 |
in00004600413 |
| 003 |
OCoLC |
| 005 |
20221209161438.0 |
| 008 |
220708t20222022nyuaf b 001 0 eng d |
| 035 |
|
|
|a (OCoLC)1338683629
|
| 040 |
|
|
|a YDX
|e rda
|c YDX
|d COO
|d BDX
|
| 020 |
|
|
|a 9780393866889
|q paperback
|
| 020 |
|
|
|a 0393866882
|q paperback
|
| 020 |
|
|
|z 9780393866896
|q electronic publication
|
| 050 |
|
4 |
|a QB981
|b .T96 2022
|
| 082 |
0 |
|
|a 523.1
|2 23
|
| 100 |
1 |
|
|a Tyson, Neil deGrasse,
|e author.
|
| 245 |
1 |
0 |
|a Origins :
|b fourteen billion years of cosmic evolution /
|c Neil deGrasse Tyson and Donald Goldsmith.
|
| 250 |
|
|
|a Revised and updated edition.
|
| 264 |
|
1 |
|a New York :
|b W.W. Norton and Company,
|c [2022].
|
| 264 |
|
4 |
|c ©2022.
|
| 300 |
|
|
|a 350 pages, [32] pages of plates :
|b illustrations ;
|c 21 cm.
|
| 336 |
|
|
|a text
|2 rdacontent
|
| 336 |
|
|
|a still image
|2 rdacontent
|
| 337 |
|
|
|a unmediated
|b n
|2 rdamedia
|
| 338 |
|
|
|a volume
|b nc
|2 rdacarrier
|
| 500 |
|
|
|a Previous edition: 2004.
|
| 504 |
|
|
|a Includes bibliographical references (pages [325]-327) and index.
|
| 520 |
|
|
|a Our true origins are not just human, or even terrestrial, but in fact cosmic. Drawing on recent scientific breakthroughs and the current cross-pollination among geology, biology, astrophysics and cosmology, Origins explains the soul-stirring leaps in our understanding of the cosmos. From the first image of a galaxy birth to Spirit Rover's exploration of Mars, to the discovery of water on one of Jupiter's moons, coauthors Neil deGrasse Tyson and Donald Goldsmith conduct a galvanizing tour of the cosmos with clarity and exuberance.
|
| 650 |
|
0 |
|a Cosmology.
|
| 650 |
|
0 |
|a Life
|x Origin.
|
| 650 |
|
0 |
|a Evolution.
|
| 650 |
|
0 |
|a Evolution (Biology)
|
| 700 |
1 |
|
|a Goldsmith, Donald,
|e author.
|
| 945 |
|
|
|b 497164
|
| 947 |
|
|
|a A14851364985
|
| 948 |
|
|
|a dmitchel 12/9/22 10.10.10
|
| 980 |
|
|
|b print
|c 40031385203
|f NONFIC/B
|g 565714
|k USD
|m 16.16
|q 1
|s AcqMono Conventional
|t Approval plan
|u Vendor order reference number
|v ZYBP
|y Print approval
|z Physical resource
|
| 999 |
f |
f |
|i 21539dd1-7f16-4be7-bf98-c7dd74f2bdcb
|s 944aebb8-b3e0-436d-88a1-58642f7a1387
|t 0
|
| 952 |
f |
f |
|p normal
|a Texas A&M University
|b College Station
|c Sterling C. Evans Library
|s Evans stk
|d Evans: Library Stacks
|t 0
|e QB981 .T96 2022
|h Library of Congress classification
|i unmediated -- volume
|m A14851364985
|
| 998 |
f |
f |
|a QB981 .T96 2022
|t 0
|l Evans: Library Stacks
|